Normal view
MARC view
- Barboni, Silvana
Entry Nombre Personal
001 - NUMERO DE CONTROL
- campo de control: 54337
003 - IDENTIFICADOR DE NUMERO DE CONTROL
- campo de control: MX-MxUPN
005 - FECHA Y HORA DE LA ÜLTIMA TRANSACCIÓN
- campo de control: 20241028113300.0
008 - DATOS DE LONGITUD FIJA
- campo de control de longitud fija: 241028nn acannaabn n aaa d
040 ## - FUENTE DE CATALOGACIÓN
- Agencia original de catalogación: MX-MxUPN
- Lenguaje de catalogación: spa
100 1# - ENCABEZAMIENTO - NOMBRE PERSONAL
- Nombre personal: Barboni, Silvana
670 ## - FUENTE EN LA QUE SE LOCALIZARON DATOS
- Cita de la fuente: Investigaciones y debates actuales sobre la enseñanza de inglés en contextos educativos latinoamericanos, 2024 :
- Información localizada: portada (Silvana Barboni)
902 ## - CATALOGADOR
- Catalogador: VíctorGodínez/281024
